The labour movement (Record no. 368344)

000 -LEADER
fixed length control field 00339cam a22001337a 4500
008 - FIXED-LENGTH DATA ELEMENTS--GENERAL INFORMATION
fixed length control field 180718b1897 xxu||||| |||| 00| 0 eng d
082 ## - DEWEY DECIMAL CLASSIFICATION NUMBER
Classification number R8 H653
100 ## - MAIN ENTRY--PERSONAL NAME
Personal name Hobhouse, L.T.
245 ## - TITLE STATEMENT
Title The labour movement
Statement of responsibility, etc. by L.T. Hobhouse
250 ## - EDITION STATEMENT
Edition statement 2nd ed.
260 ## - PUBLICATION, DISTRIBUTION, ETC.
Place of publication, distribution, etc. London
Name of publisher, distributor, etc. T. Fisher Unwin
Date of publication, distribution, etc. 1897
300 ## - PHYSICAL DESCRIPTION
Extent 98p.
650 ## - SUBJECT ADDED ENTRY--TOPICAL TERM
Topical term or geographic name entry element Labour Unions
Holdings
Withdrawn status Lost status Damaged status Not for loan Permanent Location Current Location Date acquired Full call number Barcode Date last seen Price effective from Koha item type
        Indian Institute of Public Administration Indian Institute of Public Administration 2010-01-18 R8 H653 A301 2018-07-21 2018-07-21 A

Powered by Koha